000 00302 a2200145 4500
001 167856
020 _a
040 _cMagnum
100 _aLevi-Strauss, Claude
240 1 0 _aO pensamento selvagem
_lpor
245 1 0 _aO pensamento selvagem
362 0 _a1899
697 _aSOCIOLOGIA
942 _cBK
999 _c167856
_d167856